000 00348nam a2200169Ia 4500
100 _aDatta/Samyak
650 _aOPEN CV
942 _cBK
366 _f20
654 _aopen cv
245 _aLearning OpenCV 3 Application development
260 _bPACKT
_c2016
082 _a621.367
_bDAT
300 _a297
546 _aENGLISH
999 _c23201
_d23201